{"text_format":"1","workbook":"xlsx","n_sheets":1,"sheets":["inv_madera_abril_2022"],"not_rendered":{"charts":0,"images":2,"macros":0,"external_links":0,"defined_names":0,"comments":0,"pivot_tables":0},"unopened":[],"bounds":{"document_bytes":16777216,"sheet_cells":100000,"rows_first":2000,"rows_last":500,"rows_between":2000,"halvings":0,"cell_chars":16384,"cell_head_chars":4096},"cells_cut":0,"cells_raw":0,"read":"whole","date_system":"1900"}

{"sheet":"inv_madera_abril_2022","index":0,"n_rows":63,"n_cols":8,"rows_kept":63,"cut":false,"hidden":false,"merged":[[49,0,49,7],[16,0,16,6],[38,0,38,6],[62,0,62,6],[51,6,55,6],[51,7,55,7],[25,0,25,7],[47,0,47,7],[48,0,48,7],[51,0,55,0],[51,1,55,1],[51,2,55,2],[51,3,55,3],[51,4,55,4],[51,5,55,5],[27,0,31,0],[1,0,1,7],[2,0,2,7],[3,0,3,7],[23,0,23,7],[24,0,24,7],[5,6,9,6],[5,7,9,7],[27,6,31,6],[27,7,31,7],[5,0,9,0],[5,1,9,1],[5,2,9,2],[5,3,9,3],[5,4,9,4],[5,5,9,5],[27,1,31,1],[27,2,31,2],[27,3,31,3],[27,4,31,4],[27,5,31,5]]}
[]
["INSTITUTO DEL TABACO DE LA REPÚBLICA DOMINICANA"]
["INVENTARIO DE MADERA"]
["MES DE ABRIL 2025"]
[]
["Fecha de adquisición y/o registro","Artículo","Código instritucional","Descripción artículo","Existencia","Unidad","Costo","Valor"]
[]
[]
[]
[]
["2021-12-28","MADERAS ( 9 )","EST6Y4X18`","ESTANTE 6`Y 4`X 18`LARGO",300,"UND",625,{"$f":"+G11*E11","v":187500}]
["2018-01-22","MADERAS ( 9 )","F. 1X3X12","FAJILLA  1X3 DE 12",487,"UNIDAD",208,{"$f":"+G12*E12","v":101296}]
["2021-12-28","MADERAS ( 9 )","HA7`Y5 X20`","HORCONES AC.7`Y 5 X20`L.",224,"UND",506.94,113554.56]
["2021-12-29","MADERAS ( 9 )","V.A24``X 4","VARAS DE ACACIA 24``X 4``",193,"UND",224,43232]
["2021-12-30","MADERAS ( 9 )","VRAS ACA 4 D2 1/2X24","VARAS DE ACA 4 DIAM 2 1/2CABX24PIES LARG",1,"UNIDAD",240,240]
["2021-12-31","MADERAS ( 9 )","ZA 29","ZINC ACANALADO C.29 12P",1,"UND",975,975]
["TOTAL",null,null,null,null,null,null,{"$f":"SUM(H11:H16)","v":446797.56}]
[]
[]
[]
[]
[]
[]
["INSTITUTO DEL TABACO DE LA REPÚBLICA DOMINICANA"]
["INVENTARIO DE MADERA"]
["MES DE MAYO 2025"]
[]
["Fecha de adquisición y/o registro","Artículo","Código instritucional","Descripción artículo","Existencia","Unidad","Costo","Valor"]
[]
[]
[]
[]
["2021-12-28","MADERAS ( 9 )","EST6Y4X18`","ESTANTE 6`Y 4`X 18`LARGO",300,"UND",625,{"$f":"+G33*E33","v":187500}]
["2021-12-29","MADERAS ( 9 )","F. 1X3X12","FAJILLA  1X3 DE 12",331,"UNIDAD",208,{"$f":"+G34*E34","v":68848}]
["2021-12-30","MADERAS ( 9 )","HA7`Y5 X20`","HORCONES AC.7`Y 5 X20`L.",224,"UND",506.94,113554.56]
["2021-12-31","MADERAS ( 9 )","V.A24``X 4","VARAS DE ACACIA 24``X 4``",154,"UND",224,34496]
["2022-01-01","MADERAS ( 9 )","VRAS ACA 4 D2 1/2X24","VARAS DE ACA 4 DIAM 2 1/2CABX24PIES LARG",1,"UNIDAD",240,240]
["2022-01-02","MADERAS ( 9 )","ZA 29","ZINC ACANALADO C.29 12P",1,"UND",975,975]
["TOTAL",null,null,null,null,null,null,{"$f":"SUM(H33:H38)","v":405613.56}]
[]
[]
[]
[]
[]
[]
[]
[]
["INSTITUTO DEL TABACO DE LA REPÚBLICA DOMINICANA"]
["INVENTARIO DE MADERA"]
["MES DE JUNIO 2025"]
[]
["Fecha de adquisición y/o registro","Artículo","Código instritucional","Descripción artículo","Existencia","Unidad","Costo","Valor"]
[]
[]
[]
[]
["2021-12-28","MADERAS ( 9 )","EST6Y4X18`","ESTANTE 6`Y 4`X 18`LARGO",300,"UND",625,{"$f":"+G57*E57","v":187500}]
["2021-12-29","MADERAS ( 9 )","F. 1X3X12","FAJILLA  1X3 DE 12",331,"UNIDAD",208,{"$f":"+G58*E58","v":68848}]
["2021-12-30","MADERAS ( 9 )","HA7`Y5 X20`","HORCONES AC.7`Y 5 X20`L.",224,"UND",506.94,113554.56]
["2021-12-31","MADERAS ( 9 )","V.A24``X 4","VARAS DE ACACIA 24``X 4``",130,"UND",224,29120]
["2022-01-01","MADERAS ( 9 )","VRAS ACA 4 D2 1/2X24","VARAS DE ACA 4 DIAM 2 1/2CABX24PIES LARG",1,"UNIDAD",240,240]
["2022-01-02","MADERAS ( 9 )","ZA 29","ZINC ACANALADO C.29 12P",1,"UND",975,975]
["TOTAL",null,null,null,null,null,null,{"$f":"SUM(H57:H62)","v":400237.56}]